[Event "Misiones op"]
[Site "Misiones"]
[Date "2023.07.08"]
[Round "2"]
[White "Insfran, Lizandro Benjamin"]
[Black "Prado, Mateo Genaro"]
[Result "0-1"]
[WhiteElo "1167"]
[BlackElo "1610"]
[PlyCount "44"]
[EventDate "2023.07.08"]
[EventType "swiss"]
[EventRounds "6"]
[EventCountry "ARG"]
[SourceTitle "EXT 2024"]
[Source "ChessBase"]
[SourceDate "2023.10.10"]
[SourceVersion "1"]
[SourceVersionDate "2023.10.10"]
[SourceQuality "1"]

1. c4 e6 2. d4 d5 3. Nc3 Bb4 4. e3 Nf6 5. Bd2 0-0 6. Nf3 b6 7. Bd3 Bb7 8. 0-0 dxc4 9. Bxc4 c5 10. dxc5 Bxc5 11. a3 Nc6 12. b4 Be7 13. Qc2 Rc8 14. Bd3 Bxb4 15. axb4 Nxb4 16. Bxh7+ Nxh7 17. Qb2 Bxf3 18. gxf3 Nd3 19. Qb5 Rc5 20. Qa6 Qg5+ 21. Kh1 Qh4 22. Ra4 Qh3 0-1